| 000 | 00443nam a22001577a 4500 | ||
|---|---|---|---|
| 020 | _a978-81-248-0368-4 | ||
| 082 |
_a823 _bCRA/R |
||
| 100 | _aCRANE, STEPHEN | ||
| 245 |
_aTHE REX BADGE OF COURAGE AND OTHER STORIES _bCLASSICS BOOKS |
||
| 246 |
_aTHE REX BADGE OF COURAGE AND OTHER STORIES _bCLASSICS BOOKS |
||
| 260 |
_aNEW DELHI _bPEACOCK BOOKS _c2016 |
||
| 300 | _a168 | ||
| 520 | _aCLASSICS BOOKS | ||
| 650 | _aCLASSICS BOOKS | ||
| 942 | _cBK | ||
| 999 |
_c2847 _d2847 |
||